| 000 | 01025cam a22003617a 4500 | ||
|---|---|---|---|
| 003 | CHAP | ||
| 005 | 20220817043139.0 | ||
| 008 | 971013s1986 r 00010 d | ||
| 010 | _a66822 | ||
| 011 | _a67794 | ||
| 035 | _a77266 | ||
| 040 | _cCHAP | ||
| 082 |
_a633.18 _bF43f |
||
| 110 | _aFAO | ||
| 245 | 0 | _aL'etuvage du riz | |
| 260 |
_aRome : _bFAO, _c1986 |
||
| 300 |
_a73 p. _b: ilus. |
||
| 410 | _aFAO | ||
| 490 | 0 |
_aFAO. Servicios agrÃcolas _v; 56 |
|
| 590 |
_aBATCH-UPD _b10 _c20130109 _lUCH01 _h2329 |
||
| 590 |
_aBATCH-UPD _b10 _c20130110 _lUCH01 _h1627 |
||
| 590 |
_aBATCH-UPD _b10 _c20130410 _lUCH01 _h1020 |
||
| 590 |
_aBATCH-UPD _b10 _c20130914 _lUCH01 _h0407 |
||
| 590 |
_aCONVERSION _b10 _c20130109 _lUCH01 _h1337 |
||
| 650 | 1 | 4 |
_aArroz _xProcesado. _97646 |
| 650 | 1 | 4 |
_aArroz _xSancochado. _97653 |
| 700 | 0 |
_aGariboldi, F. _946898 |
|
| 810 | 0 | _aFAO | |
| 830 | 0 | 0 |
_aFAO. Servicios agrÃcolas _v; 56 _939697 |
| 901 | _aBK | ||
| 942 | _cLIBRO | ||
| 949 |
_a633.18 F43f _bBC _cFAO _d-30134 _eFAO1 _h72575 _i77266 _si |
||
| 999 |
_c66822 _d66822 |
||